000 00654nam a22002297a 4500
003 UA-OsUOA
001 66579
007 ta
008 20100115b un ||||| |||| 00| 0 ukr d
100 _aКорчинський В.
090 _a343.34:316.4
_bК70
942 _cBK
040 _aUA-OsUOA
_bukr
_cUA-OsUOA
_dUA-OsUOA
245 _aКонцентри сучасної плебсології
_bНавчальний посібник
300 _a55 с.
955 _a2
041 _aukr
080 _a343.34:316.4
260 _aК.
_c2009
650 7 _a343 Кримінальне право. Карні порушення
_2UDC
999 _c352360
_d352360